000 01399nam a22002177a 4500
003 IT-MiCISF
005 20251027122842.0
008 251027b |||||||| |||| 00| 0 eng d
020 _a9788858154243
040 _cIT-MiCISF
100 _aSaraceno Chiara
_956212
245 _aLa famiglia naturale non esiste
260 _aRoma,
_bLaterza, Bari-Roma,
_c2025
300 _app. 183
501 _afamiglia, società, diritto, cambiamenti-famiglia, procreazione-artificiale, omosessualità, madre-in-affitto, politica, politica-familiare, stratificazione-sociale
520 _aLa famiglia naturale non esiste: è una invenzione culturale. Peccato che l'aggettivo 'naturale' venga utilizzato molto spesso in Italia per ostacolare tutte le forme di unione, di amore e di filiazione che vanno al di là del puro dato biologico. Con buona pace delle trasformazioni radicali che hanno coinvolto i nostri modi di vivere. La famiglia è infatti il luogo di osservazione privilegiato per raccontare i cambiamenti profondi della cultura e della società, tanto che il libro - alternando riflessioni teoriche, ricostruzione dei cambiamenti avvenuti e memoria personale di tante 'battaglie' intraprese - diventa un ritratto lucidissimo dell'Italia degli ultimi cinquant'anni.
650 _aFamiglia
654 _aintervista
700 _aIntervista di Maria Novella De Luca
_962672
942 _2ddc
_cBK
999 _c360664
_d360664